000 01122cam a2200337 a 4500
001 4750923
003 OSt
005 20140310184425.0
008 850711s1986 maua j 000 1 eng
010 _a 85014542
020 _a0590425048
040 _aDLC
_cDLC
_dDLC
042 _alcac
050 0 0 _aPZ 7
_b.H31115Jam 1989
100 1 _aHavill, Juanita.
_926947
245 1 0 _aJamaica's find /
_cJuanita Havill ; illustrations by Anne Sibley O'Brien.
260 _aBoston :
_bHoughton Mifflin Co.,
_c1989.
300 _a32 p. :
_bcol. ill. ;
_c21 cm.
521 _aG2
526 _c460
650 1 _aLost and found possessions
_vFiction.
_926948
650 1 _aAfrican Americans
_vFiction.
_926949
700 1 _aO'Brien, Anne Sibley,
_eill.
_926950
856 4 2 _3Publisher description
_uhttp://www.loc.gov/catdir/description/hm021/85014542.html
856 4 2 _3Contributor biographical information
_uhttp://www.loc.gov/catdir/enhancements/fy0736/85014542-b.html
906 _a7
_bcbc
_corignew
_d1
_eocip
_f19
_gy-gencatlg
942 _2lcc
_cBK-SCHOLAS
999 _c34311
_d34311